000 00775nam a2200277Ia 4500
003 OSt
005 20221005092917.0
006 a|||||r|||| 00| 0
007 ta
008 221004b |||||||| |||| 00| 0 eng d
020 _a0815622635
024 _a37980
037 _cTextual
040 _aCRL
_cCRL
_beng
041 _2eng
_aeng
082 _aO111,1M65:g, M3
100 _aArchibald Douglas
_9617914
110 _aGift from Prof Amitava Banerjee, London
245 0 _aYeats
260 _aNew York
_bSyracuse University Press USA
_c1983
300 _a280p.
_ccm.
650 _aENGLISH LITERATURE
700 _aGift from Prof Amitava Banerjee, London
942 _hO111,1M65:g, M3
_cTEXL
_2cc
999 _c999558
_d999558